| 000 | 00721aam a2200217 4500 | ||
|---|---|---|---|
| 001 | 8238 | ||
| 003 | OCoLC | ||
| 005 | 20181127185433.0 | ||
| 008 | 040202s2003 enka 001 0 eng | ||
| 020 | _a0721697798 (spiral) | ||
| 082 | 0 | 4 |
_a616.7075 _222 |
| 100 | 1 | _aBaxter, Richard E. | |
| 245 | 1 | 0 |
_aPocket guide to musculoskeletal assessment / _cRichard E. Baxter. |
| 250 | _a2nd ed. | ||
| 260 |
_aSt. Louis ; _a[Great Britain] : _bW.B. Saunders, _c2003. |
||
| 300 |
_axii, 274 p. : _bill. ; _c20 cm. |
||
| 500 | _aPrevious ed.: 1998. | ||
| 504 | _aIncludes bibliographical references and index. | ||
| 650 | 0 |
_aMusculoskeletal system _xDiseases _xDiagnosis _vHandbooks, manuals, etc. |
|
| 999 |
_c7108 _d7108 |
||